000 00311nam a2200121Ia 4500
008 231228s2003 xx 000 0 und d
041 _aeng
082 _a658.4052
_bRUS
100 _aRUSH (Jon)
245 _aUndersanding and Negoting Business Contracts
260 _aNew Delhi
_bC.B.S F
_c2003
300 _a166
999 _c1087984
_d1087984